| 000 | 00610nam a22002417a 4500 | ||
|---|---|---|---|
| 003 | UA-OsUOA | ||
| 001 | 36190 | ||
| 007 | ta | ||
| 008 | 20060119b un ||||| |||| 00| 0 ukr d | ||
| 100 | _aСавельева М. Ю. | ||
| 090 |
_a130,2 _bС12 |
||
| 942 | _cBK | ||
| 040 |
_aUA-OsUOA _bukr _cUA-OsUOA _dUA-OsUOA |
||
| 245 | _aЛекции по мифологии культуры | ||
| 300 | _a272 с. | ||
| 955 | _a2 | ||
| 041 | _aukr | ||
| 080 | _a130,2 | ||
| 020 | _a966-8210-13-1 | ||
| 260 |
_aК. _bПарапан _c2003 |
||
| 650 | 7 |
_a1 Філософські науки _2UDC |
|
| 999 |
_c322440 _d322440 |
||